[Event "Challenge"]
[Site "http://www.queenalice.com/game.php?id=1775137"]
[Date "2021.11.18"]
[Round "-"]
[White "marcomasao"]
[Black "maurice91"]
[Result "1-0"]
[WhiteElo "2051"]
[BlackElo "1747"]

1. e4 e6 2. Bc4 c6 3. Nf3 d5 4. exd5 exd5 5. Bb3 Nf6 6. d4 h6 7. Nc3 Be6 8. Bf4
Na6 9. a3 Bd6 10. Qd2 Qc7 11. Be3 c5 12. dxc5 Nxc5 13. Ba2 Qd7 14. h3 Nce4 15.
Nxe4 Nxe4 16. Qd4 Nf6 17. Bb3 Qc7 18. c3 b6 19. a4 Bc5 20. Qd3 Rd8 21. Qd2 Bxe3
22. Qxe3 O-O 23. O-O Rfe8 24. Qd3 Qc5 25. Ne5 d4 26. c4 a5 27. f4 Bc8 28. Rf3
Bb7 29. Rg3 Kf8 30. Re1 Be4 31. Rxe4 Nxe4 32. Qxe4 Kg8 33. Qd3 Rxe5 34. fxe5
Qxe5 35. Bc2 Kf8 36. Rf3 Qe1+ 37. Rf1 Qe5 38. Qg6 Qe3+ 39. Kh1 Qe7 40. Qh7 Qe2
41. Bd3 Qe6 42. Qh8+ Ke7 43. Qxg7 Rf8 44. Qxd4 Rd8 45. Qh4+ Ke8 46. Re1 1-0

[Event "Challenge"]
[Site "http://www.queenalice.com/game.php?id=1775216"]
[Date "2021.11.19"]
[Round "-"]
[White "maurice91"]
[Black "marcomasao"]
[Result "0-1"]
[WhiteElo "1747"]
[BlackElo "2047"]

1. d4 d5 2. c4 dxc4 3. Nc3 Nf6 4. e4 Nc6 5. Be3 e6 6. Bxc4 Bb4 7. f3 Ba5 8. Ne2
Qe7 9. O-O Bb6 10. Na4 Bd7 11. Nxb6 axb6 12. b3 h6 13. Bd2 Qd6 14. Bc3 Qe7 15.
Qc1 Na5 16. Bd3 c5 17. dxc5 bxc5 18. Bb2 b6 19. Qc2 Bc6 20. Rad1 O-O-O 21. Ba6+
Kb8 22. Be5+ Ka7 23. Bc4 b5 24. Bd3 Nh5 25. g4 f6 26. Bb2 g6 27. gxh5 gxh5 28.
e5 f5 29. Nf4 Qg5+ 30. Ng2 Rd5 31. f4 Qg4 32. Rf2 Rg8 33. Kf1 Qh3 34. Bc3 Nb7
35. Qb2 Rxd3 36. Rxd3 Qxd3+ 37. Kg1 Qe3 38. Bd2 Rxg2+ 0-1

[Event "Challenge"]
[Site "http://www.queenalice.com/game.php?id=1775232"]
[Date "2021.11.20"]
[Round "-"]
[White "marcomasao"]
[Black "Ricardoabreu"]
[Result "1-0"]
[WhiteElo "2045"]
[BlackElo "1793"]

1. e4 b6 2. Bc4 Bb7 3. Nc3 e6 4. Nf3 g6 5. Qe2 Bg7 6. d4 h6 7. Bf4 d6 8. a4 Nc6
9. Qd2 Nf6 10. h3 Ne7 11. Qe2 Nh5 12. Bh2 a6 13. Bb3 Nf6 14. Ba2 Nc6 15. d5 Nb4
16. Bb3 a5 17. O-O Ba6 18. Nb5 O-O 19. c3 Re8 20. cxb4 exd5 21. Rfc1 Rxe4 22.
Qd2 Rc8 23. Na7 Ra8 24. Nc6 Qd7 25. Bxd5 Nxd5 26. Qxd5 Rae8 27. b5 Bb7 28. Ra2
Bxc6 29. bxc6 Qe7 30. Bg3 g5 31. b3 Qf6 32. Rb1 Qc3 33. Rd2 g4 34. hxg4 Rxg4 35.
Re1 Rxe1+ 36. Nxe1 Rg5 37. Qd3 Qxc6 38. Nf3 Rh5 39. Nh4 Bf6 40. Nf3 Qc1+ 41. Rd1
Qc5 42. Qd2 Qb4 43. Qd3 Qg4 44. Rc1 Bd8 45. Re1 Qd7 46. Re4 Kg7 47. Qd4+ Kg8 48.
Rg4+ Bg5 49. Bh4 Qf5 50. Re4 Bxh4 51. Re8+ Kh7 52. Qh8+ Kg6 53. Rg8# 1-0

[Event "Challenge"]
[Site "http://www.queenalice.com/game.php?id=1775242"]
[Date "2021.11.20"]
[Round "-"]
[White "Danado"]
[Black "marcomasao"]
[Result "0-1"]
[WhiteElo "1551"]
[BlackElo "2034"]

1. e4 e5 2. Nf3 Nc6 3. a3 Bc5 4. Nc3 Nf6 5. d4 exd4 6. Na4 Bb6 7. Nxb6 cxb6 8.
Bg5 h6 9. Bxf6 Qxf6 10. Bd3 d6 11. Qd2 Bg4 12. Be2 Bh5 13. h3 Bg6 14. Bb5 Bxe4
15. Bxc6+ Bxc6 16. O-O-O O-O-O 17. Qxd4 Qg6 18. Rhg1 Rhe8 19. Qc3 Re2 20. Rd2
Rde8 21. Rxe2 Rxe2 22. Re1 Rxf2 23. Nd4 Qxg2 24. Kb1 Rf1 25. b3 Rxe1+ 26. Qxe1
Qxh3 27. Nxc6 bxc6 28. Qe8+ Kc7 29. Qxf7+ Qd7 30. Qf4 g5 31. Qf6 Qh7 32. Kc1 g4
33. Kd1 g3 34. Qf1 h5 35. Qg2 h4 36. Ke1 Qf5 37. Ke2 Qxc2+ 0-1

[Event "Challenge"]
[Site "http://www.queenalice.com/game.php?id=1775823"]
[Date "2021.11.29"]
[Round "-"]
[White "marcomasao"]
[Black "Danado"]
[Result "1-0"]
[WhiteElo "2040"]
[BlackElo "1577"]

1. e4 e5 2. Bc4 Nf6 3. Nc3 a6 4. Nf3 d6 5. Qe2 h6 6. d3 Bg4 7. Be3 Bxf3 8. Qxf3
Nc6 9. a3 Na5 10. Ba2 Qd7 11. h3 Qc6 12. Bd2 O-O-O 13. b4 Qb6 14. bxa5 Qb2 15.
Qd1 Qxa3 16. Be6+ 1-0

[Event "Challenge"]
[Site "http://www.queenalice.com/game.php?id=1776434"]
[Date "2021.12.7"]
[Round "-"]
[White "Danado"]
[Black "marcomasao"]
[Result "0-1"]
[WhiteElo "1556"]
[BlackElo "2055"]

1. a3 e5 2. e4 Bc5 3. Nf3 Nc6 4. c3 Nf6 5. Bd3 d6 6. Bb5 Bd7 7. h3 a6 8. Bxc6
Bxc6 9. d3 Qe7 10. Bg5 h6 11. Bxf6 Qxf6 12. Nbd2 Ba7 13. O-O g5 14. g3 h5 15.
Nh2 Bd7 16. Kg2 Qe6 17. g4 hxg4 18. hxg4 O-O-O 19. Nc4 Bb5 20. Na5 b6 21. Nc6
Bxc6 22. f3 Rh4 23. Qe2 Qh6 24. Rh1 Rh8 25. Kg1 b5+ 26. Kf1 Rxh2 27. Rxh2 Qxh2
28. Qxh2 Rxh2 29. Rb1 Rh1+ 0-1

[Event "Challenge"]
[Site "http://www.queenalice.com/game.php?id=1776496"]
[Date "2021.12.8"]
[Round "-"]
[White "marcomasao"]
[Black "charles31"]
[Result "1-0"]
[WhiteElo "2039"]
[BlackElo "1639"]

1. e4 e5 2. Bc4 Nf6 3. Nc3 a6 4. Nf3 Nc6 5. Qe2 Bc5 6. Ng5 d5 7. exd5 Nb4 8. d3
Bg4 9. f3 h6 10. Nge4 Nxe4 11. dxe4 Bxf3 12. gxf3 Qh4+ 13. Kd1 c6 14. a3 cxd5
15. exd5 O-O 16. axb4 Bxb4 17. Bd2 Rac8 18. Bb3 a5 19. Ra4 Qd8 20. Qg2 Bxc3 21.
Bxh6 Qf6 22. Bxg7 Qxg7 23. Rg4 1-0

[Event "Challenge"]
[Site "http://www.queenalice.com/game.php?id=1776583"]
[Date "2021.12.9"]
[Round "-"]
[White "charles31"]
[Black "marcomasao"]
[Result "0-1"]
[WhiteElo "1657"]
[BlackElo "2051"]

1. e4 e5 2. a3 Bc5 3. Nc3 Nf6 4. Bb5 c6 5. Bc4 d5 6. exd5 cxd5 7. Ba2 Bf5 8. d3
Nc6 9. Bg5 h6 10. Bh4 g5 11. Bg3 Qd7 12. Nge2 h5 13. h3 h4 14. Bh2 a6 15. b4 Ba7
16. Qd2 Rg8 17. g4 hxg3 18. fxg3 Bxh3 19. Bg1 g4 20. Bxa7 Nxa7 21. Qh6 Qc6 22.
Nxd5 Nxd5 23. Qd2 Nf4 24. Nxf4 Qxh1+ 25. Kf2 Qf3+ 26. Ke1 Qf1# 0-1

[Event "Challenge"]
[Site "http://www.queenalice.com/game.php?id=1776880"]
[Date "2021.12.11"]
[Round "-"]
[White "marcomasao"]
[Black "Danado"]
[Result "1-0"]
[WhiteElo "2059"]
[BlackElo "1579"]

1. e4 e5 2. Bc4 h6 3. Nf3 Nc6 4. Nc3 a6 5. Qe2 Nf6 6. d3 Bb4 7. Bd2 Bxc3 8. Bxc3
Qe7 9. a3 d6 10. h3 b6 11. g4 Be6 12. Bxe6 Qxe6 13. Nh4 Nd4 14. Bxd4 exd4 15.
Nf5 Rg8 16. Nxd4 Qd7 17. Nf5 O-O-O 18. O-O-O d5 19. f3 Qb5 20. Ne7+ Kb8 21. Nxg8
Nxg8 22. e5 Re8 23. f4 g5 24. fxg5 hxg5 25. h4 f6 26. e6 Qc6 27. Rde1 Ne7 28.
hxg5 fxg5 29. Rh5 Rg8 30. Qe3 Rg6 31. Rxg5 Rxe6 32. Qxe6 1-0

[Event "Challenge"]
[Site "http://www.queenalice.com/game.php?id=1777408"]
[Date "2021.12.16"]
[Round "-"]
[White "marcomasao"]
[Black "edsonjob"]
[Result "0-1"]
[WhiteElo "1972"]
[BlackElo "1400"]

1. e4 c5 2. Bc4 Nc6 3. Nf3 e6 4. Nc3 Nf6 5. Qe2 h6 6. d3 a6 7. a3 Bd6 8. e5 Bxe5
9. Nxe5 Nd4 10. Qd1 O-O 11. Be3 b5 12. Ba2 Nf5 0-1

[Event "Challenge"]
[Site "http://www.queenalice.com/game.php?id=1777420"]
[Date "2021.12.16"]
[Round "-"]
[White "maurice91"]
[Black "marcomasao"]
[Result "0-1"]
[WhiteElo "1748"]
[BlackElo "2041"]

1. d4 d5 2. c4 dxc4 3. Nc3 Bf5 4. e4 Bg6 5. Bxc4 Qd7 6. Be3 e6 7. Qb3 c6 8. Nge2
Nf6 9. O-O Bxe4 10. f3 Bd5 11. Nxd5 exd5 12. Bd3 Bd6 13. Bf2 Qc7 14. Bg3 Bxg3
15. Nxg3 O-O 16. Rac1 Nbd7 17. Rfe1 Rfe8 18. Qc2 Nb6 19. Nf5 Re6 20. Qf2 Nh5 21.
g3 Rg6 22. Nh4 Nf4 23. Bxg6 Nh3+ 24. Kg2 Nxf2 25. Bb1 Nc4 26. Kxf2 Nxb2 27. Re2
Nc4 28. Rce1 g6 29. f4 Qb6 30. Nf3 Nb2 31. f5 gxf5 32. Bxf5 c5 33. dxc5 Qxc5+
34. Kg2 Nc4 35. Ng5 d4 36. Bxh7+ Kg7 37. h4 Qd5+ 38. Be4 Qd6 39. Rf2 Ne3+ 40.
Kh3 f6 41. Nh7 Qd7+ 42. g4 Qxg4+ 43. Kh2 Qxh4+ 44. Kg1 Qxe4 45. Nxf6 Qg6+ 0-1

[Event "Challenge"]
[Site "http://www.queenalice.com/game.php?id=1777542"]
[Date "2021.12.18"]
[Round "-"]
[White "marcomasao"]
[Black "maurice91"]
[Result "1-0"]
[WhiteElo "2063"]
[BlackElo "1775"]

1. e4 e6 2. Bc4 d5 3. exd5 exd5 4. Bb3 c6 5. Nf3 Bd6 6. Nc3 Nf6 7. d3 O-O 8. O-O
Bg4 9. Bg5 Nbd7 10. h3 Bh5 11. Re1 Qc7 12. d4 Rfe8 13. Qd3 Bg6 14. Qd2 b6 15. a3
Ne4 16. Nxe4 dxe4 17. Nh4 Nf6 18. Bxf6 gxf6 19. Nxg6 hxg6 20. Qh6 Bf4 21. Qxg6+
Kf8 22. Qxf6 Qd6 23. Qxf7# 1-0

[Event "Challenge"]
[Site "http://www.queenalice.com/game.php?id=1777611"]
[Date "2021.12.18"]
[Round "-"]
[White "Danado"]
[Black "marcomasao"]
[Result "0-1"]
[WhiteElo "1553"]
[BlackElo "2061"]

1. e3 e5 2. a3 Bc5 3. e4 Nf6 4. d3 Nc6 5. Nf3 Qe7 6. h3 b5 7. Be3 Ba6 8. Bxc5
Qxc5 9. Be2 Nd4 10. Nxd4 Qxd4 11. O-O Qxb2 12. Nd2 Qd4 13. Nf3 Qd6 14. d4 Nxe4
15. Nxe5 Nc3 16. Nf3 Nxd1 0-1

[Event "Challenge"]
[Site "http://www.queenalice.com/game.php?id=1777979"]
[Date "2021.12.22"]
[Round "-"]
[White "marcomasao"]
[Black "Danado"]
[Result "1-0"]
[WhiteElo "2053"]
[BlackElo "1575"]

1. e4 e5 2. Bc4 Nf6 3. Nc3 a6 4. Nf3 Nc6 5. Ng5 Nd5 6. d3 f6 7. Nf3 Nxc3 8. bxc3
Qe7 9. Qe2 d6 10. Bd2 Be6 11. Bb3 Bxb3 12. cxb3 Na7 13. h3 Nc8 14. Be3 b6 15.
Bd2 c5 16. a3 Na7 17. a4 a5 18. Nh4 Qf7 19. Nf5 Nc6 20. c4 Nb4 21. Bxb4 axb4 22.
Ra2 Qg6 23. g3 Be7 24. O-O O-O 25. Nxe7+ 1-0

[Event "Challenge"]
[Site "http://www.queenalice.com/game.php?id=1778051"]
[Date "2021.12.23"]
[Round "-"]
[White "Danado"]
[Black "marcomasao"]
[Result "0-1"]
[WhiteElo "1548"]
[BlackElo "2049"]

1. a3 e5 2. e4 Bc5 3. h3 Nf6 4. d3 Nc6 5. Bd2 Qe7 6. Nf3 d6 7. Bg5 h6 8. Bxf6
Qxf6 9. Nc3 Be6 10. Nb5 Qe7 11. Be2 a6 12. Nc3 Ba7 13. Qd2 Bd7 14. Nd5 Qd8 15.
d4 Nxd4 16. Nxd4 Bxd4 17. c3 Ba7 18. Kf1 c6 19. Nb4 Qf6 20. Nd3 c5 21. c4 b5 22.
b3 Bc6 23. Bf3 Bb6 24. b4 bxc4 25. Nc1 Bb5 26. Qc3 Qe6 27. Ne2 a5 28. bxa5 Bxa5
29. Qb2 Rb8 30. a4 c3 31. Qc2 Ba6 32. Kg1 Rb2 33. Qc1 Bxe2 34. Bxe2 Rxe2 35. Kh2
Rxf2 36. Qe3 Rb2 37. Rhc1 O-O 38. Rcb1 Rfb8 39. Qc1 Qb3 40. Qe1 Rxb1 0-1

[Event "Challenge"]
[Site "http://www.queenalice.com/game.php?id=1778066"]
[Date "2021.12.23"]
[Round "-"]
[White "marcomasao"]
[Black "maurice91"]
[Result "1-0"]
[WhiteElo "2055"]
[BlackElo "1759"]

1. e4 e6 2. Bc4 d5 3. exd5 exd5 4. Bb3 c5 5. a4 Nf6 6. Nf3 Bd6 7. Nc3 c4 8. Ba2
Bd7 9. b3 Qe7+ 10. Qe2 cxb3 11. Bxb3 Bc6 12. d4 Nbd7 13. Bd2 Qxe2+ 14. Nxe2 O-O
15. O-O Rfe8 16. Ng3 Nf8 17. Rfe1 Bxg3 18. fxg3 Ne4 19. Bb4 Ng6 20. Nd2 f5 21.
Nxe4 fxe4 22. Re3 Rf8 23. Bxf8 Rxf8 24. c4 Ne7 25. cxd5 Bxd5 26. Bxd5+ Nxd5 27.
Rxe4 Nc3 28. Re5 Rd8 29. Rc1 Nd5 30. Rc5 Nf6 31. Rc7 Rxd4 32. Ree7 Rg4 33. Rc8+
1-0

[Event "Challenge"]
[Site "http://www.queenalice.com/game.php?id=1778179"]
[Date "2021.12.24"]
[Round "-"]
[White "Ricardoabreu"]
[Black "marcomasao"]
[Result "1-0"]
[WhiteElo "1753"]
[BlackElo "1889"]

1. b3 e5 2. Bb2 Nc6 3. g3 Nf6 4. Bg2 Bc5 5. Bxc6 Ng4 6. e3 dxc6 7. h3 Nf6 8.
Bxe5 Qd5 9. Nf3 Qd8 10. Bb2 Bf5 11. Nc3 Qe7 12. d3 a6 13. Na4 Ba7 14. Qe2 h6 15.
g4 Bh7 16. Ne5 O-O-O 17. O-O-O Nd5 18. Kb1 f6 19. Nf3 Nb6 20. Nxb6+ Bxb6 21. h4
Qd7 22. Nh2 Rde8 23. Rhg1 1-0

[Event "Challenge"]
[Site "http://www.queenalice.com/game.php?id=1778232"]
[Date "2021.12.25"]
[Round "-"]
[White "marcomasao"]
[Black "charles31"]
[Result "1-0"]
[WhiteElo "2047"]
[BlackElo "1590"]

1. e4 e5 2. Bc4 h6 3. Nf3 Nc6 4. Nc3 a6 5. Qe2 d6 6. d3 Nf6 7. h3 Be6 8. d4 exd4
9. Nd5 Na5 10. Nxd4 Nxc4 11. Qxc4 Bxd5 12. exd5 Qd7 13. Bd2 c5 14. dxc6 bxc6 15.
Nf5 d5 16. Qe2+ Qe6 17. a3 Qxe2+ 18. Kxe2 g6 19. Nd4 c5 20. Nc6 Rc8 21. Ne5 Bd6
22. Bf4 Kf8 23. Nxg6+ 1-0

[Event "Challenge"]
[Site "http://www.queenalice.com/game.php?id=1778280"]
[Date "2021.12.25"]
[Round "-"]
[White "maurice91"]
[Black "marcomasao"]
[Result "1/2-1/2"]
[WhiteElo "1763"]
[BlackElo "2059"]

1. d4 d5 2. c4 Bf5 3. Nc3 Nc6 4. cxd5 Nb4 5. Qa4+ Bd7 6. Qxb4 b6 7. e4 e6 8. Qc4
a6 9. a4 b5 10. axb5 axb5 11. Rxa8 Qxa8 12. Nxb5 Qa5+ 13. Nc3 Qa1 14. Kd2 g6 15.
dxe6 Bh6+ 16. Ke2 Qxc1 17. exf7+ Kf8 18. fxg8=Q+ Rxg8 19. Qb4+ Kf7 20. Nf3 Bg4
21. Qc4+ Kf8 22. Qc5+ Kf7 23. Qd5+ Kf8 24. Qd8+ Kf7 25. Qxc7+ Kf8 26. Qd6+ Kf7
27. Qd5+ Kf8 1/2-1/2

[Event "Challenge"]
[Site "http://www.queenalice.com/game.php?id=1778281"]
[Date "2021.12.25"]
[Round "-"]
[White "marcomasao"]
[Black "Ricardoabreu"]
[Result "0-1"]
[WhiteElo "1912"]
[BlackElo "1730"]

1. e4 b6 2. Bc4 Bb7 3. Nc3 g6 4. Qf3 e6 5. d3 Bg7 6. Nh3 Bf6 7. Bd2 Nc6 8. a3
Nd4 9. Qd1 Qe7 10. Be3 a6 11. Bxd4 Bxd4 12. Qd2 h6 13. Ra2 b5 14. Bb3 Qf6 15.
Ne2 Bxb2 16. c3 Bxc3 17. Nxc3 Ne7 18. g3 Qf3 0-1

[Event "Challenge"]
[Site "http://www.queenalice.com/game.php?id=1778359"]
[Date "2021.12.26"]
[Round "-"]
[White "marcomasao"]
[Black "Danado"]
[Result "1-0"]
[WhiteElo "2053"]
[BlackElo "1526"]

1. e4 e5 2. Bc4 h6 3. Nf3 Nc6 4. Nc3 a6 5. a3 Nf6 6. d3 Bc5 7. Qe2 Qe7 8. Be3
Bxe3 9. Qxe3 d6 10. h3 b5 11. Ba2 b4 12. Nd5 Nxd5 13. Bxd5 Bb7 14. Bxc6+ Bxc6
15. axb4 O-O 16. h4 Rfb8 17. c3 Rb5 18. g4 a5 19. h5 axb4 20. Rxa8+ Bxa8 21. c4
Ra5 22. O-O f6 23. Nh4 Bc6 24. Nf5 Qf8 25. Nh4 Ra2 26. b3 Rb2 27. Ng6 Qe8 28.
Qa7 Qd8 29. Qe3 Rxb3 30. Ra1 Ra3 31. Rb1 b3 32. Rb2 Be8 33. Nh4 Ba4 34. Qd2 Ra2
35. Rxa2 bxa2 36. Qxa2 Bd1 37. f3 Qb8 38. Nf5 Bxf3 39. c5+ Kf8 40. Qe6 Qb1+ 41.
Kf2 Bxg4 42. Qe7+ 1-0

[Event "Challenge"]
[Site "http://www.queenalice.com/game.php?id=1778526"]
[Date "2021.12.28"]
[Round "-"]
[White "marcomasao"]
[Black "maurice91"]
[Result "0-1"]
[WhiteElo "2055"]
[BlackElo "1868"]

1. e4 e6 2. Bc4 d5 3. exd5 exd5 4. Bb3 Nf6 5. Nf3 Bd6 6. Nc3 c6 7. d4 h6 8. Qd3
Bg4 9. Bd2 O-O 10. O-O-O Na6 11. h3 Bh5 12. g4 Bg6 13. Qf1 Re8 14. g5 Ne4 15.
gxh6 Nxd2 16. Nxd2 Qg5 17. hxg7 Kxg7 18. h4 Qh5 19. f3 Bf4 20. Qh3 Re6 21. Rdg1
Rae8 22. Rg4 Re1+ 23. Rxe1 Rxe1+ 24. Nd1 Be3 25. Qg3 Bxd2+ 26. Kxd2 Re6 27. Ne3
Kf8 28. Rg5 Qh8 29. f4 Qxd4+ 30. Ke2 Qe4 31. Qf3 Nc5 32. Qxe4 Rxe4 33. c3 Rxf4
34. h5 Bd3+ 35. Ke1 Rh4 36. Bd1 Ne4 37. Rg1 Nf6 38. Rg5 Ne4 39. Rg1 Rh2 40. Ng4
Rxh5 41. Ne3 Rh7 42. Ng4 Rg7 43. Rh1 Ke7 44. Ne5 Ba6 45. Be2 Bxe2 46. Kxe2 Ng3+
0-1

[Event "Challenge"]
[Site "http://www.queenalice.com/game.php?id=1778804"]
[Date "2021.12.31"]
[Round "-"]
[White "Danado"]
[Black "marcomasao"]
[Result "1-0"]
[WhiteElo "1559"]
[BlackElo "2032"]

1. g3 e5 2. e4 Bc5 3. Qf3 Nf6 4. Bc4 Nc6 5. c3 Qe7 6. Ne2 d6 7. d4 Bg4 8. Qe3
Bb6 9. Bb5 Bd7 10. Bxc6 Bxc6 11. f3 a6 12. Na3 h6 13. Bd2 Ba7 14. Nc2 Qd7 15.
Qd3 Qh3 16. O-O-O Qd7 17. dxe5 dxe5 18. Qxd7+ Nxd7 19. Be3 Bxe3+ 20. Nxe3 O-O-O
21. Nf5 g6 22. Ne7+ 1-0